Lettres identiques entre les alphabets grec et français - Mort subite - Statistiques

Statistiques générales
  • Ce quiz a été pris 40 fois
  • Le résultat moyen est 4 sur 14
Answers on the Grid
Answers color-coded by a green-red scale on the quiz's grid according to % correct below.
A
B
C
D
E
F
G
H
I
J
K
L
M
N
O
P
Q
R
S
T
U
V
W
X
Y
Z
 
Statistiques - réponses
Réponse % Correct
A
91%
B
79%
E
29%
I
26%
O
26%
Y
18%
M
15%
N
15%
P
15%
K
12%
T
12%
Z
12%
X
9%
H
3%
Aucun quiz correspondant
Distribution des résultats
% des personnes avec chaque résultat
Percentile par nombre de réponses
Votre historique - résultats
Vous n’avez pas pris ce quiz